| 000 | 00674nam a22002177a 4500 | ||
|---|---|---|---|
| 005 | 20140310183639.0 | ||
| 008 | 131214b xxu||||| |||| 00| 0 eng d | ||
| 020 | _a9781439876626 | ||
| 050 |
_aQA 76.76.D47 _b.Su955 2013 |
||
| 100 | _aSummers, Boyd L. | ||
| 245 |
_aEffective methods for software and systems integration / _cBoyd L. Summers. |
||
| 260 |
_aBoca Raton : _bAuerbach Publications, _c2012. |
||
| 300 |
_axix, 163 p. : _bill. ; _c25 cm. |
||
| 504 | _aIncludes Index. | ||
| 521 | _aIT | ||
| 650 |
_aComputer software _xDevelopment. |
||
| 650 | _aSoftware architecture. | ||
| 650 | _aSystems integration. | ||
| 942 |
_2lcc _cBK _kFOR |
||
| 999 |
_c25787 _d25787 |
||